000 00597nam a2200193Ia 4500
003 GCL
008 140319s9999 xx 000 0 ara d
040 _aGCL /
_cGCL
082 0 4 _a811.5
_bح د
100 1 _aالحاتمى , ابوبكر محى الدين بن
245 1 0 _aديوان ابن عربى /
_cالحاتمى , ابوبكر محى الدين بن
260 _a[S.N] :
_bلا يوجد
300 _a478 ص
490 _a
650 0 4 _aالشعر العربى
650 0 4 _aدواوين وقصائد
650 0 4 _aالدولة العباسية الثانية
942 _2ddc
_cBK
999 _c55205
_d55205